000 01576nam2a22003011 4500
001 v19\rc\1539262
005 20250618181017.0
035 _a(NLR Aleph) 004657465
090 _a3504870
_c3504870
100 _a20060620e18931894|||y0rusy50 ca
101 0 _arus
102 _aRU
105 _ay z |||||
200 0 _a... за 1892 год
210 _d1893
_aБ. м.
215 _a195-201 с.
311 _aОтд. отт. из ... 1894, т. 8
461 0 _1001v19\rc\1539256
_12001#$aМусульманские печатные издания в России...$f[В. Смирнов]$v... за 1892 год
_1700#1$3RU\NLR\AUTH\7740510$7ca$aСмирнов$bВ. Д.$cвостоковед$f1846-1922$gВасилий Дмитриевич
_95645530
_aСмирнов, В. Д. (востоковед ; 1846-1922)
_cСанкт-Петербург
_d[1888]-1894
_f[В. Смирнов]
_nтип. Имп. Акад. наук
_tМусульманские печатные издания в России...
_v... за 1892 год
488 0 _12001#$aЗаписки Восточного отделения Русского археологического общества$v1894, т. 8
_tЗаписки Восточного отделения Русского археологического общества
801 0 _aRU
_bNLR
_gpsbo
801 0 _aRU
_bRuMoRGB
_2psbo
801 1 _aRU
_bProSoft-M
_2rusmarc
852 _aNLR
_j18.181.1.165
899 _aRuMoRGB (1885-1893*)
_jU 177/1518
899 _aRuMoRGB (1885-1893*)
_jZ 103/148
899 _aНБ СПбГУ
942 _cBOOK
980 _aNB